| 000 | 00458nam a22001697a 4500 | ||
|---|---|---|---|
| 003 | CEME | ||
| 005 | 20210628202646.0 | ||
| 008 | 201229b xxu||||| |||| 00| 0 eng d | ||
| 020 | _a9780070587472 | ||
| 040 | _cceme | ||
| 082 | _a658.5 LIK | ||
| 100 |
_aLiker,Jeffrey K _94199 |
||
| 245 | _aThe toyota way ,14 management principles from the world's greatest manufacturer | ||
| 260 |
_aINDIA _bMCGRAW HILL _c2016 |
||
| 300 | _aXXII,330P | ||
| 942 |
_cBK _2ddc |
||
| 999 |
_c570548 _d570548 |
||